| 000 | 00739cab a2200229 4500 | ||
|---|---|---|---|
| 001 | WB2832-103 | ||
| 008 | 090401t1992 xxu||||| |||| 00| 0 eng d | ||
| 035 | _a(Sirsi) u77417 | ||
| 041 | _aeng | ||
| 245 | _aRising groundwater levels | ||
| 260 | _c1992 | ||
| 350 | _a0 | ||
| 490 |
_aBuilding & Civil Engineering Research Focus _v(10) July 1992, 8(1) |
||
| 520 | _aWRc and CIRIA are investigating the effects of London`s rising water table. "Engineering implications of rising groundwater levels in the deep aquifer beneath London" CIRIA Special Publication 69 1989. | ||
| 650 | _aCIRIA | ||
| 650 | _aGROUNDWATER LEVELS | ||
| 650 | _aLONDON | ||
| 650 | _aWATER TABLES | ||
| 690 | _aWATER | ||
| 942 | _n0 | ||
| 948 | _c04/03/1997 | ||
| 999 |
_c48673 _d48673 |
||